|
|
|
|
| LEADER |
00000nab a2200000uu 4500 |
| 001 |
vtls011452068 |
| 003 |
SK-MaSNL |
| 005 |
20260303123334.0 |
| 008 |
230213|1962 xo |||||||||||||||||slo| |
| 015 |
|
|
|a SNBRB
|
| 035 |
|
|
|a (urnnbn)urn:nbn:sk:snk:ar-007ixr
|
| 035 |
|
|
|a (uuid)7d5e2d85-6799-474f-8314-a3cce0862555
|
| 035 |
|
|
|a urn:nbn:sk:snk-abcnvv
|
| 040 |
|
|
|a SNKBUCL
|b slo
|c SNKBUCL
|e AACR2
|
| 041 |
0 |
|
|a slo
|
| 044 |
|
|
|a xo
|c SK
|
| 100 |
1 |
|
|a Arpai, Ján,
|d 1917-1976
|4 aut
|9 61106
|
| 245 |
1 |
0 |
|a VPLYV ZMRAZOVANIA NA ELEKTRICKÚ VODIVOSŤ SUSPENZIE BAKTÉRIÍ
|c Ján Arpai
|
| 773 |
0 |
|
|t Biológia : časopis Slovenskej akadémie vied
|g Roč. 17, č. 12 (1962), s. 861-874
|
| 954 |
|
|
|a odborná, vedecká literatúra pôvodná (slovenská)
|2 lita
|
| 958 |
|
|
|a OND
|
| 958 |
|
|
|a EUIPO
|
| 958 |
|
|
|a article16
|
| 999 |
|
|
|c 1925362
|d 1927292
|